| 000 | 00366nam a22001457a 4500 | ||
|---|---|---|---|
| 020 | _a9780072467352 | ||
| 040 | _cnust | ||
| 082 |
_26th Edition _a613 _bHAH |
||
| 100 |
_aHahn. B Dale _9122771 |
||
| 110 |
_aPayne. A Wayne _9122772 |
||
| 245 | _aFocus on Health | ||
| 260 |
_aNew York: _bMcGraw- Hill, _c2003. |
||
| 650 |
_aFocus on Health _9122773 |
||
| 942 |
_2ddc _cBK |
||
| 999 |
_c609211 _d609211 |
||